[Event "ROM-chT Rapid"]
[Site "Sebes"]
[Date "2022.12.03"]
[Round "2.23"]
[White "Vrencian, Lehel"]
[Black "Chereches, Marius Calin"]
[Result "1-0"]
[WhiteElo "2226"]
[BlackElo "1472"]
[PlyCount "46"]
[EventDate "2022.12.03"]
[EventType "team-swiss (rapid)"]
[EventRounds "8"]
[EventCountry "ROU"]
[SourceTitle "CBM 211 Extra"]
[Source "ChessBase"]
[SourceDate "2023.01.31"]
[SourceVersion "1"]
[SourceVersionDate "2023.01.31"]
[SourceQuality "1"]
[WhiteTeam "Otopeni"]
[BlackTeam "Targu Mures Juvenes II"]
[WhiteTeamCountry "ROU"]
[BlackTeamCountry "ROU"]

1. e4 c5 2. Nf3 g6 3. d4 cxd4 4. Nxd4 Bg7 5. c4 Nc6 6. Nc2 d6 7. Be2 e5 8. Nc3 Nge7 9. Nb5 0-0 10. Qxd6 Be6 11. Bg5 Qxd6 12. Nxd6 Rad8 13. 0-0-0 f6 14. Be3 Nd4 15. Nxd4 Rxd6 16. Nxe6 Rxe6 17. c5 Kh8 18. Rd7 Nc6 19. Rxb7 f5 20. f3 Rd8 21. Bc4 Ree8 22. Bd5 Ne7 23. Bf7 fxe4 1-0